000 00285nam a2200121Ia 4500
008 190216s9999||||xx |||||||||||||| ||und||
100 _aPadmanabhan T
245 0 _aKatha Theerumbol Vanambadi Parakkunnu
260 _bMalbery Books
300 _a98
650 _aKathakal
942 _cBK
999 _c27698
_d27698